书目信息 |
| 题名: |
美国移民签证大全
|
|
| 作者: | 陈麦克 编著 | |
| 分册: | ||
| 出版信息: | 北京 华龄出版社 2004.01 |
|
| 页数: | 333页 | |
| 开本: | 29cm | |
| 丛书名: | ||
| 单 册: | ||
| 中图分类: | D771.238 | |
| 科图分类: | ||
| 主题词: | 移民--yi min--出入境--基本知识--美国 | |
| 电子资源: | ||
| ISBN: | 7-80178-135-X | |
| 000 | 00795nam0 2200241 450 | |
| 001 | 0104000024 | |
| 005 | 20051124115123.1 | |
| 010 | @a7-80178-135-X@dCNY58.00 | |
| 100 | @a20081126d2004 ekmy0chiy0120 ea | |
| 101 | 0 | @achi |
| 102 | @aCN@b110000 | |
| 105 | @ay g 000yy | |
| 106 | @ar | |
| 200 | 1 | @a美国移民签证大全@AMei Guo Yi Min Qian Zheng Da Quan@f(美)陈麦克编著@F( Mei ) Chen Mai Ke Bian Zhu |
| 210 | @a北京@c华龄出版社@d2004.01 | |
| 215 | @a333页@d29cm | |
| 330 | @a本大全共分为十八章, 讨论了到美国的各种途径, 移民和非移民的程序、手续, 各种技术性问题和最新发展等内容。 | |
| 606 | 0 | @a移民@Ayi min@x出入境@x基本知识@y美国 |
| 690 | @aD771.238@v4 | |
| 701 | 0 | @a陈麦克@AChen Mai Ke@4编著 |
| 801 | 0 | @aCN@bHTDF@c20081126 |
| 905 | @aBZT@dD771.238@e2@f10 | |
| 906 | @dCNY58.00@n0@r1 | |
| 美国移民签证大全/(美)陈麦克编著.-北京:华龄出版社,2004.01 |
| 333页;29cm |
| ISBN 7-80178-135-X:CNY58.00 |
| 本大全共分为十八章, 讨论了到美国的各种途径, 移民和非移民的程序、手续, 各种技术性问题和最新发展等内容。 |
| ● |
| 相关链接 |
|
|
|
正题名:美国移民签证大全
索取号:D771.238/2
 
预约/预借
| 序号 | 登录号 | 条形码 | 馆藏地/架位号 | 状态 | 备注 |
| 1 | 719532 | 2000719532 | 中心书库南/012架A面1层3列/ [索取号:D771.238/2] | 在馆 | |
| 2 | 719533 | 2000719533 | 中心书库南/012架A面1层3列/ [索取号:D771.238/2] | 在馆 | |
| 3 | 719534 | 2000719534 | 中心书库南/012架A面1层3列/ [索取号:D771.238/2] | 在馆 | |
| 4 | 719535 | 2000719535 | 中心书库南/012架A面1层3列/ [索取号:D771.238/2] | 在馆 | |
| 5 | 719536 | 2000719536 | 中心书库南/012架A面1层3列/ [索取号:D771.238/2] | 在馆 | |
| 6 | 719537 | 2000719537 | 中心书库南/012架A面1层3列/ [索取号:D771.238/2] | 在馆 | |
| 7 | 719538 | 2000719538 | 中心书库南/012架A面1层3列/ [索取号:D771.238/2] | 在馆 | |
| 8 | 719539 | 2000719539 | 中心书库南/012架A面1层3列/ [索取号:D771.238/2] | 在馆 | |
| 9 | 719540 | 2000719540 | 中心书库南/012架A面1层3列/ [索取号:D771.238/2] | 在馆 | |
| 10 | 719541 | 2000719541 | 中心书库南/012架A面1层3列/ [索取号:D771.238/2] | 在馆 |